Má vlast My country /

Hlavní autor: Smetana, Bedřich, 1824-1884
Korporativní autor: Pražská komorní filharmonie
Další autoři: Hrůša, Jakub, 1981-
Jazyk: Nelze použít, není lingvistický obsah
Vydáno: Prague : Supraphon, p2010
Témata:
Fyzický popis: 1 zvuková deska (78:58) : digital, stereo ; 12 cm
Zvukové nahrávky
Uloženo v:
LEADER 01634njm a2200409 a 4500
001 001115378
003 CZ BrMZK
005 20241016143215.0
007 sd fsngnnmmned
008 100914s2010 xr spn g ef zxx d
024 3 |a 099925403225 
028 0 1 |a SU 4032-2  |b Supraphon 
040 |a BOA001  |b cze 
041 0 |g eng  |g ger  |g fre  |g cze 
048 |a oa01 
072 7 |a 785  |x Instrumentální hudba. Symfonická hudba. Hudba pro více nástrojů  |2 Konspekt  |9 9 
080 |a 785.11.04  |2 MRF 
080 |a (086.76)  |2 MRF 
100 1 |a Smetana, Bedřich,  |d 1824-1884  |7 jk01120043  |4 cmp 
240 1 0 |a Má vlast  |7 aun2006373489 
245 1 0 |a Má vlast  |h [zvukový záznam] =  |b My country /  |c Bedřich Smetana 
246 3 1 |a My country 
260 |a Prague :  |b Supraphon,  |c p2010 
300 |a 1 zvuková deska (78:58) :  |b digital, stereo ;  |c 12 cm 
306 |a 011858 
500 |a Kompaktní deska (DDD) 
505 0 0 |t Vyšehrad --  |t Vltava --  |t Šárka --  |t Z českých luhů a hájů --  |t Tábor --  |t Blaník 
511 0 |a Pražská komorní filharmonie, dirigent Jakub Hrůša 
518 |a Nahráno živě na zahajovacích koncertech 65. ročníku Mezinárodního hudebního festivalu Pražské jaro v Rudolfinu ve dnech 13. a 14. května 2010 
650 0 7 |a symfonické básně  |7 ph126357  |2 czenas 
655 7 |+ kompaktní desky  |2 czenas 
700 1 |a Hrůša, Jakub,  |d 1981-  |7 mzk2005294980  |4 cnd 
710 2 |a Pražská komorní filharmonie  |7 kn20030215092 
910 |a BOA001  |b CDR-1236.983 
990 |a AV 
991 |b 201010 
996 6 |b 2610448290  |c CDR-1236.983  |l MZK  |r Sklad / do 24 hodin  |n 0  |p p.v.  |w 001143346  |u 000010  |a 1  |e BOA001  |j MZK50  |s P